Jeremy fink and the meaning of life / (Record no. 3738)

MARC details
000 -LEADER
fixed length control field 00779nam a22002417a 4500
001 - CONTROL NUMBER
control field 3738
003 - CONTROL NUMBER IDENTIFIER
control field FISKH
005 - DATE AND TIME OF LATEST TRANSACTION
control field 20240426090158.0
008 - FIXED-LENGTH DATA ELEMENTS--GENERAL INFORMATION
fixed length control field 240426b cb ||||| |||| 00| 0 eng d
040 ## - CATALOGING SOURCE
Original cataloging agency FISK
Language of cataloging eng
Transcribing agency FISK
Modifying agency FISK
050 ## - LIBRARY OF CONGRESS CALL NUMBER
Classification number PZ7.M42355
082 ## - DEWEY DECIMAL CLASSIFICATION NUMBER
Classification number 813
100 ## - MAIN ENTRY--PERSONAL NAME
Personal name Mass Wendy
Dates associated with a name 1967-
245 ## - TITLE STATEMENT
Title Jeremy fink and the meaning of life /
Statement of responsibility, etc. Wendy Mass
260 ## - PUBLICATION, DISTRIBUTION, ETC.
Place of publication, distribution, etc. New York :
Name of publisher, distributor, etc. Wendy Mass,
Date of publication, distribution, etc. 2010
300 ## - PHYSICAL DESCRIPTION
Extent 289 pages :
Dimensions 20 cm
505 ## - FORMATTED CONTENTS NOTE
Formatted contents note M
520 ## - SUMMARY, ETC.
Summary, etc. Just before his thirteenth birthday, Jeremy Fink receives a keyless locked box--set aside by his father before his death five years earlier--that purportedly contains the meaning of life.
521 8# - TARGET AUDIENCE NOTE
Target audience note 710
Source Lexiles
700 ## - ADDED ENTRY--PERSONAL NAME
Personal name Wendy Mass
942 ## - ADDED ENTRY ELEMENTS (KOHA)
Source of classification or shelving scheme Library of Congress Classification
Koha item type Books
Suppress in OPAC No
Holdings
Withdrawn status Lost status Source of classification or shelving scheme Damaged status Not for loan Collection Home library Current library Shelving location Date acquired Total Checkouts Full call number Barcode Date last seen Date last checked out Copy number Price effective from Koha item type
    Library of Congress Classification     Fiction Footprints International School Library Network Toul Kork Campus Footprints International School Library Network Toul Kork Campus   04/26/2024 1 MAS PZ7.M42355 813 2024-0535 09/03/2024 09/03/2024 1 04/26/2024 Books